The dangerous and the endangered /

Bibliographic Details
Main Author: Conrad, John Phillips, 1913-
Format: Book
Language:English
Published: Lexington, Mass. : Lexington Books, 1985.
Subjects:

MARC

Tag First Indicator Second Indicator Subfields
LEADER 00000cam a22000008a 4500
001 in00000561721
005 20151014070120.0
008 841213s1985 mau b 00110 eng
010 |a  84028921  
020 |a 0669021849 (alk. paper) 
035 |a (OCoLC)11574706 
035 |9 ACN8830AM 
039 0 |a 2  |b 3  |c 3  |d 3  |e 3 
040 |a DLC  |c DLC  |d TXA  |d UtOrBLW 
043 |a n-us-oh 
049 |a TXAM  |c [A09028434] 
050 0 0 |a HV6025  |b .C593 1985 
082 0 |a 364  |2 19 
100 1 |a Conrad, John Phillips,  |d 1913- 
245 1 4 |a The dangerous and the endangered /  |c John P. Conrad. 
264 1 |a Lexington, Mass. :  |b Lexington Books,  |c 1985. 
300 |a xiv, 153 pages 
336 |a text  |b txt  |2 rdacontent 
337 |a unmediated  |b n  |2 rdamedia 
338 |a volume  |b nc  |2 rdacarrier 
504 |a Includes bibliographies and index. 
650 0 |a Criminal justice, Administration of. 
650 0 |a Violent crimes  |x Prevention. 
650 0 |a Criminal justice, Administration of  |z Ohio  |z Columbus. 
650 0 |a Violent crimes  |z Ohio  |z Columbus  |x Prevention. 
999 |a MARS 
999 f f |s 51ceeb5f-cd6c-3eac-a775-2e13d37a8595  |i 04e4bd3b-bf8c-3e49-bc70-e10ffc3a8e85  |t 0 
952 f f |p ric  |a Texas A&M University  |b Rellis Campus  |c Joint Library Facility  |d Remote Storage  |t 0  |e HV6025 .C593 1985  |h Library of Congress classification  |i unmediated -- volume  |m A14809028434 
998 f f |a HV6025 .C593 1985  |t 0  |l Remote Storage